Determinación de parámetros para el diseño de un secador híbrido para el secado de madera tropical en el municipio de Masatepe.

Describe los parámetros para el diseño de un secador híbrido para madera, constituido por un colector solar, cámara de secado y un generador de calor como equipo auxiliar del secador.La construcción está planteada para llevarse a cabo en el municipio de Masatepe, la cual presenta condiciones r...

Full description

Bibliographic Details
Main Authors: Pineda Philiponi, Juan José, Chavarría Carrión, Leonardo Antonio
Other Authors: Tutor: Sobalvarro Sánchez, Enrique Al
Format: Tesis Section = Libro
Language:Undetermined
Spanish
Published: Managua UNI 2000
Subjects:
LEADER 01180nam a2200241Ia 4500
008 240830s9999 xx 000 0 und d
040 |a CEDOC DACA-RUSB / Mon 660.28426 P649 
041 |a spa 
082 |a Mon 660.28426 P649 
100 1 |a Pineda Philiponi, Juan José 
100 1 |b  Chavarría Carrión, Leonardo Antonio 
245 1 0 |a Determinación de parámetros para el diseño de un secador híbrido para el secado de madera tropical en el municipio de Masatepe. 
260 |a Managua  |b UNI  |c 2000 
300 |a 137 p. :il 
502 |a Tesis (Ingeniero Químico) -UNI, 2000. 
520 3 |a Describe los parámetros para el diseño de un secador híbrido para madera, constituido por un colector solar, cámara de secado y un generador de calor como equipo auxiliar del secador.La construcción está planteada para llevarse a cabo en el municipio de Masatepe, la cual presenta condiciones requeridas para el desarrollo del proyecto. 
650 7 |a PROCEDIMIENTOS DE EVAPORACION Y SECADO-MADERA 
650 7 |b  AGENTES SECANTES. 
650 7 |c  MADERA-MASATEPE 
700 1 |a Tutor:  |b Sobalvarro Sánchez, Enrique Al 
942 |c BK  |2 ddc 
991 |a TESIS 
999 |c 26195